Normal view
MARC view
Entry Topical Term
001 - CONTROL NUMBER
- control field: 11043
003 - CONTROL NUMBER IDENTIFIER
- control field: dpl
005 - DATE AND TIME OF LATEST TRANSACTION
- control field: 20100811143520.0
008 - FIXED-LENGTH DATA ELEMENTS
- fixed length control field: 100811|||a|||||| | ||| d
040 ## - CATALOGING SOURCE
- Original cataloging agency: dpl
- Transcribing agency: dpl
150 ## - HEADING--TOPICAL TERM
- Topical term or geographic name as entry element: Error correcting quantum theory
670 ## - SOURCE DATA FOUND
- Source citation: Work cat.: (dpl)40406: Parthasarathy, K.R. 11041, Lectures on quantum computation,quantuam error correcting codes and information theory /, 2006
670 ## - SOURCE DATA FOUND
- Source citation: Work cat.: (dpl)40406: Parthasarathy, K.R. 11041, Lectures on quantum computation,quantuam error correcting codes and information theory /, 2006
